| 000 | 01022cam a22002774a 4500 | ||
|---|---|---|---|
| 999 |
_c28417 _d28417 |
||
| 001 | 14132964 | ||
| 005 | 20170302161720.0 | ||
| 008 | 051005s2007 maua 001 0 eng | ||
| 010 | _a 2005935201 | ||
| 020 | _a9780618608539 (student text) | ||
| 020 | _a0618608532 (student text) | ||
| 020 | _a9780618608546 (instructor's annotated ed.) | ||
| 020 | _a0618608540 (instructor's annotated ed.) | ||
| 040 |
_aDLC _cDLC _dDLC |
||
| 050 | 0 | 0 |
_aQA11.2 _b.M2765 2007 |
| 245 | 0 | 0 | _aMathematical excursions/ |
| 250 |
_a2nd ed. / _bRichard Aufmann ... [et al.]. |
||
| 260 |
_aBoston : _bHoughton Mifflin, _cc2007. |
||
| 300 |
_axxiv, 939, 53, 73, 2, 10 p. : _bill. (chiefly col.) ; _c27 cm. |
||
| 500 | _aIncludes indexes. | ||
| 650 | 0 |
_aMathematics _vTextbooks. |
|
| 650 | 0 |
_aMathematics _vProblems, exercises, etc. |
|
| 700 | 1 | _aAufmann, Richard N. | |
| 906 |
_a7 _bcbc _corignew _d3 _eepcn _f20 _gy-gencatlg |
||
| 942 |
_2lcc _cBOOKS _hQA11.2 .A94 2007 |
||